Machete season : (Record no. 110527)
[ view plain ]
| 000 -LEADER | |
|---|---|
| campo de control de longitud fija | 02284nam a2200409Ia 4500 |
| 001 - NÚMERO DE CONTROL | |
| campo de control | 51125 |
| 005 - FECHA Y HORA DE LA ÚLTIMA TRANSACCIÓN | |
| campo de control | 20230411090005.0 |
| 008 - DATOS DE LONGITUD FIJA--INFORMACIÓN GENERAL | |
| campo de control de longitud fija | 060523s2005 nyub 000 0deng d |
| 035 ## - NÚMERO DE CONTROL DEL SISTEMA | |
| Número de control de sistema | (OCoLC)ocm69208246 |
| 040 ## - FUENTE DE CATALOGACIÓN | |
| Centro catalogador/agencia de origen | WAU |
| Centro/agencia transcriptor | WAU |
| Centro/agencia modificador | BAKER |
| -- | YDXCP |
| -- | BTCTA |
| 020 ## - NÚMERO INTERNACIONAL ESTÁNDAR DEL LIBRO | |
| Número Internacional Estándar del Libro | 0312425031 |
| 020 ## - NÚMERO INTERNACIONAL ESTÁNDAR DEL LIBRO | |
| Número Internacional Estándar del Libro | 9780312425036 |
| 029 1# - OTRO NÚMERO DE CONTROL DE SISTEMA (OCLC) | |
| Identificador de la biblioteca OCLC | YDXCP |
| Número de control de sistema | 2384055 |
| 035 ## - NÚMERO DE CONTROL DEL SISTEMA | |
| Número de control de sistema | (OCoLC)69208246 |
| 041 1# - CÓDIGO DE IDIOMA | |
| Código de lengua del texto/banda sonora o título independiente | eng |
| Código de lengua original | fre |
| 043 ## - CÓDIGO DE ÁREA GEOGRÁFICA | |
| Código de área geográfica | f-rw--- |
| 090 ## - LOCALMENTE ASIGNADO TIPO-LC NÚMERO DE CLASIFICACIÓN (OCLC); NÚMERO DE CLASIFICACIÓN LOCAL (RLIN) | |
| Número de clasificación (OCLC) (R) ; Numero de clasificación, CALL (RLIN) (NR) | DT450.435 |
| Número cutter local (OCLC) ; Número de libro/Signatura topográfica íntegra, CALL (RLIN) | H3813 2005 |
| 049 ## - FONDOS LOCALES (OCLC) | |
| Biblioteca depositaria | GRAL |
| 100 1# - ENTRADA PRINCIPAL--NOMBRE DE PERSONA | |
| Nombre de persona | Hatzfeld, Jean. |
| 240 10 - TÍTULO UNIFORME | |
| Título uniforme | Saison de machettes. |
| Lenguaje de la obra | English |
| 245 10 - MENCIÓN DEL TÍTULO | |
| Título | Machete season : |
| Resto del título | the killers in Rwanda speak : a report / |
| Mención de responsabilidad, etc. | by Jean Hatzfeld ; translated from the French by Linda Coverdale ; preface by Susan Sontag. |
| 260 ## - PUBLICACIÓN, DISTRIBUCIÓN, ETC. | |
| Lugar de publicación, distribución, etc. | New York : |
| Nombre del editor, distribuidor, etc. | Farrar, Straus and Giroux, |
| Fecha de publicación, distribución, etc. | 2005. |
| 300 ## - DESCRIPCIÓN FÍSICA | |
| Extensión | xiv, 251 p. : |
| Otras características físicas | maps ; |
| Dimensiones | 21 cm. |
| 500 ## - NOTA GENERAL | |
| Nota general | "Picador." |
| 505 0# - NOTA DE CONTENIDO CON FORMATO | |
| Nota de contenido con formato | Early morning -- How it was organized -- The three hills -- The first time -- A gang -- Apprenticeship -- Group spirit -- Taste and distaste -- Going into action -- Field work -- A neighborhood genocide -- Punishment -- Some thoughts on corrugated metal -- Looting -- A sealed chamber -- Rejoicing in the village -- The disappearance of escape networks -- Women -- In search of the just -- Acquaintances -- Penitentiary walls -- Suffering -- Guys in good shape -- And God in all this? -- In the shade of an acacia -- Remorse and regrets -- Joseph-Dâesirâe Bitero -- The organizers -- Behind the mudugudus -- Life goes on -- Bargaining for forgiveness -- Pardons -- A noble bearing -- Hatred of the Tutsis -- An unnatural slaughter -- Words to avoid saying it -- Death in the eye of a killer. |
| 651 #0 - PUNTO DE ACCESO ADICIONAL DE MATERIA--NOMBRE GEOGRÁFICO | |
| Nombre geográfico | Rwanda |
| Subdivisión general | History |
| Subdivisión cronológica | Civil War, 1994 |
| Subdivisión general | Atrocities. |
| 651 #0 - PUNTO DE ACCESO ADICIONAL DE MATERIA--NOMBRE GEOGRÁFICO | |
| Nombre geográfico | Rwanda |
| Subdivisión general | History |
| Subdivisión cronológica | Civil War, 1994 |
| Subdivisión de forma | Personal narratives. |
| 650 #0 - PUNTO DE ACCESO ADICIONAL DE MATERIA--TÉRMINO DE MATERIA | |
| Término de materia o nombre geográfico como elemento de entrada | Tutsi (African people) |
| Subdivisión general | Crimes against |
| Subdivisión geográfica | Rwanda |
| Subdivisión general | History |
| Subdivisión cronológica | 20th century. |
| 650 #0 - PUNTO DE ACCESO ADICIONAL DE MATERIA--TÉRMINO DE MATERIA | |
| Término de materia o nombre geográfico como elemento de entrada | Hutu (African people) |
| Subdivisión geográfica | Rwanda. |
| 650 #0 - PUNTO DE ACCESO ADICIONAL DE MATERIA--TÉRMINO DE MATERIA | |
| Término de materia o nombre geográfico como elemento de entrada | Genocide |
| Subdivisión geográfica | Rwanda |
| Subdivisión general | History |
| Subdivisión cronológica | 20th century. |
| 651 #0 - PUNTO DE ACCESO ADICIONAL DE MATERIA--NOMBRE GEOGRÁFICO | |
| Nombre geográfico | Rwanda |
| Subdivisión general | Ethnic relations |
| -- | History |
| Subdivisión cronológica | 20th century. |
| 938 ## - | |
| -- | Baker & Taylor |
| -- | BKTY |
| -- | 14.00 |
| -- | 10.50 |
| -- | 0312425031 |
| -- | 0006656398 |
| -- | active |
| 938 ## - | |
| -- | YBP Library Services |
| -- | YANK |
| -- | 2384055 |
| 938 ## - | |
| -- | Baker and Taylor |
| -- | BTCP |
| -- | BK0006656398 |
| 942 ## - ELEMENTOS DE ENTRADA SECUNDARIOS (KOHA) | |
| Fuente del sistema de clasificación o colocación | Clasificación de Library of Congress |
| Tipo de ítem Koha | |
| 994 ## - | |
| -- | C0 |
| -- | DRFGD |
| Estatus retirado | Estado de pérdida | Fuente del sistema de clasificación o colocación | Estado de daño | No para préstamo | Colección | Biblioteca de origen | Biblioteca actual | Ubicación en estantería | Fecha de adquisición | Código de barras | Visto por última vez | Copia número | Tipo de ítem Koha |
|---|---|---|---|---|---|---|---|---|---|---|---|---|---|
| Clasificación de Library of Congress | Automatización y Procesos Técnicos | Biblioteca Juan Bosch | Biblioteca Juan Bosch | Automatización y Procesos Técnicos (1er. Piso) | 11/04/2023 | 00000052182 | 17/02/2019 | 1 |
